Welcome to CU Library Online Public Access Catalogue (OPAC)

Microbiology for the health sciences / (Record no. 2571)

MARC details
000 -LEADER
fixed length control field 00864cam a22002534a 4500
001 - CONTROL NUMBER
control field 13035191
005 - DATE AND TIME OF LATEST TRANSACTION
control field 20250115142841.0
008 - FIXED-LENGTH DATA ELEMENTS--GENERAL INFORMATION
fixed length control field 021219s2004 paua 001 0 eng
020 ## - INTERNATIONAL STANDARD BOOK NUMBER
International Standard Book Number 9780781740005
050 00 - LIBRARY OF CONGRESS CALL NUMBER
Classification number QR41.2
Item number .B88 2004
082 00 - DEWEY DECIMAL CLASSIFICATION NUMBER
Classification number 616/.01
Edition information 21
100 1# - MAIN ENTRY--PERSONAL NAME
Personal name Burton, Gwendolyn R. W.
Fuller form of name (Gwendolyn R. Wilson)
245 10 - TITLE STATEMENT
Title Microbiology for the health sciences /
Statement of responsibility, etc. Gwendolyn R.W. Burton, Paul G. Engelkirk.
250 ## - EDITION STATEMENT
Edition statement 7th ed.
260 ## - PUBLICATION, DISTRIBUTION, ETC.
Place of publication, distribution, etc. Philadelphia :
Name of publisher, distributor, etc. Lippincott Williams & Wilkins,
Date of publication, distribution, etc. c2004
300 ## - PHYSICAL DESCRIPTION
Extent xvi, 561 p. :
Other physical details ill. ;
Dimensions 23 cm.
500 ## - GENERAL NOTE
General note Includes index.
650 #0 - SUBJECT ADDED ENTRY--TOPICAL TERM
Topical term or geographic name entry element Microbiology.
650 #0 - SUBJECT ADDED ENTRY--TOPICAL TERM
Topical term or geographic name entry element Medical microbiology.
650 #0 - SUBJECT ADDED ENTRY--TOPICAL TERM
Topical term or geographic name entry element Allied health personnel.
700 1# - ADDED ENTRY--PERSONAL NAME
Personal name Engelkirk, Paul G.
856 42 - ELECTRONIC LOCATION AND ACCESS
Materials specified Publisher description
Uniform Resource Identifier <a href="http://www.loc.gov/catdir/enhancements/fy0711/2002043425-d.html">http://www.loc.gov/catdir/enhancements/fy0711/2002043425-d.html</a>
942 ## - ADDED ENTRY ELEMENTS (KOHA)
Source of classification or shelving scheme Library of Congress Classification
Koha item type Books
Edition 7th ed.
Suppress in OPAC No
999 ## -
-- 2571
-- 2571
Holdings
Withdrawn status Lost status Source of classification or shelving scheme Damaged status Not for loan Collection Home library Current library Shelving location Date acquired Total checkouts Full call number Barcode Date last seen Copy number Price effective from Koha item type
    Library of Congress Classification     Non-fiction Science Library (Miotso) Science Library (Miotso) General stacks 01/15/2025   QR41.2 .B88 BUR SLM00001865 01/15/2025 1 01/15/2025 Books
    Library of Congress Classification     Non-fiction Science Library (Miotso) Science Library (Miotso) General stacks 01/15/2025   QR41.2 .B88 BUR SLM00001866 01/15/2025 2 01/15/2025 Books
    Library of Congress Classification     Non-fiction Science Library (Miotso) Science Library (Miotso) General stacks 01/15/2025   QR41.2 .B88 BUR SLM00001867 01/15/2025 3 01/15/2025 Books
    Library of Congress Classification     Non-fiction Science Library (Miotso) Science Library (Miotso) General stacks 01/15/2025   QR41.2 .B88 BUR SLM00001868 01/15/2025 4 01/15/2025 Books
© 2023-2024 Copyright: Central University Libraries. All Rights Reserved | Created by: Mahone Tech Office